000 00351 a2200169 4500
001 190422
020 _a852625082-5
040 _cMagnum
100 _aLópez, Amélia
240 1 0 _aA ilha do tesouro
_lpor
245 1 0 _aA ilha do tesouro
300 _a30
362 0 _a2004
440 1 _aScipione
697 _aLITERATURA INFANTO
942 _cBK
999 _c190422
_d190422